| 000 | 00354 a2200097 4500 | ||
|---|---|---|---|
| 245 | 0 | 0 |
_aTranzystory - Pomiar prądów resztkowych ICER, ICES, ICEV i prądu zerowego ICEO PN-87/T-01504/09 / _cMin. Przem. Maszynowego. |
| 246 | 1 | 3 | _aPN-87/T-01504/09 |
| 246 | 1 | 3 | _a621.382.3 |
| 260 |
_aWarszawa : _bMin. Przem. Maszynowego, _c1987. |
||
| 300 |
_a2 stron ; _c30 cm. |
||
| 650 | _aPolska norma | ||
| 999 |
_c20343 _d20343 |
||